00480nam a2200121 a 4500001001000000003000900010005001700019008004100036040002500077245016200102260005600264300003800320000033055DO-SdBNP20220725110707.0110808s1948 dr 000 0 spa d aDO-SdBNPbspacBNPHU00aRecuerdo del homenaje que las discípulas del ilustre maestro Dr. Federico Henríquez y Carvajal le tributan en conmemoración de sus cien años de vida. aSanto Domingo : 1948. :bImprenta El Hombre,c1948. a1v. con varios ejemplar ;c20 cm.